00540nam a2200193 a 4500001001300000003000900013005001700022008004100039020002300080082001700103100002000120245006300140260003700203300000900240500003500249505001000284650003200294700002000326nice12345678IN_TiNIC20260116014144.0050524s2005 dela grp 000 0 eng  a8170994 c69500a291.422bTHO aThomas, Santosh aStudies in Religious Mysticismb Christianity and Buddhism aDelhibMittal Publication c2005 a327p aincludes index and biblioraphy2 aIndex aMysticism-Comparative Study1 aThomas, Santosh